| 000 -LEADER |
| fixed length control field |
00614nam a22001697a 4500 |
| 020 ## - INTERNATIONAL STANDARD BOOK NUMBER |
| ISBN |
9789719826590 |
| 082 ## - DEWEY DECIMAL CLASSIFICATION NUMBER |
| Classification number |
613.2078 |
| Item number |
C9573 2026 |
| 100 ## - MAIN ENTRY--AUTHOR NAME |
| Personal name |
Cruz-Caudal, Maria Lourdes, author. |
| 245 ## - TITLE STATEMENT |
| Title |
Basic nutrition & diet theraphy : laboratory manual for allied health / Maria Lourdes Cruz-Caudal, RND, MEM. |
| 250 ## - EDITION STATEMENT |
| Edition statement |
Third edition. |
| 260 ## - PUBLICATION, DISTRIBUTION, ETC. (IMPRINT) |
| Place of publication |
Quezon City : |
| Name of publisher |
C & E Publishing Publishing, |
| Year of publication |
©2026. |
| 300 ## - PHYSICAL DESCRIPTION |
| Number of Pages |
xvii, 79 pages ; |
| Other physical details |
26 cm. |
| 500 ## - GENERAL NOTE |
| General note |
Includes bibliographical references. |
| 650 ## - SUBJECT ADDED ENTRY--TOPICAL TERM |
| Topical Term |
Nutrition -- Laboratory manuals. |
| 650 ## - SUBJECT ADDED ENTRY--TOPICAL TERM |
| Topical Term |
Diet therapy -- Laboratory manuals. |
| 942 ## - ADDED ENTRY ELEMENTS (KOHA) |
| Koha item type |
Books |